00355nam a22001337a 450000500170000000800410001702000180005804000090007608200120008510000140009724500560011126000340016730000200020120240410120144.0240410b sa ||||| |||| 00| 0 eng d a9781405072328 c3228 aEF JAME aM.R James aThe House in the picture and Abbot Thomas' treasure bMacmillan Heinemann ELTc1998 a63 pagesc19 cm